<?xml version="1.0" encoding="UTF-8"?>
<record
    xmlns:xsi="http://www.w3.org/2001/XMLSchema-instance"
    xsi:schemaLocation="http://www.loc.gov/MARC21/slim http://www.loc.gov/standards/marcxml/schema/MARC21slim.xsd"
    xmlns="http://www.loc.gov/MARC21/slim">

  <leader>02923njm a2200481Ia 4500</leader>
  <controlfield tag="001">24312</controlfield>
  <controlfield tag="003">IT-RoPAU</controlfield>
  <controlfield tag="005">20220918181203.0</controlfield>
  <controlfield tag="008">131025s9999    xx            000 0 und d</controlfield>
  <datafield tag="040" ind1=" " ind2=" ">
    <subfield code="a">IT-RoPAU</subfield>
  </datafield>
  <datafield tag="040" ind1=" " ind2=" ">
    <subfield code="c">IT-RoPAU</subfield>
  </datafield>
  <datafield tag="999" ind1=" " ind2=" ">
    <subfield code="c">103161</subfield>
    <subfield code="d">103161</subfield>
  </datafield>
  <datafield tag="999" ind1=" " ind2=" ">
    <subfield code="b">n.d.</subfield>
  </datafield>
  <datafield tag="100" ind1=" " ind2=" ">
    <subfield code="a">AA.VV</subfield>
    <subfield code="9">794</subfield>
  </datafield>
  <datafield tag="100" ind1=" " ind2=" ">
    <subfield code="e">Autore musica</subfield>
    <subfield code="9">10125</subfield>
  </datafield>
  <datafield tag="100" ind1=" " ind2=" ">
    <subfield code="g">Codice autore musica SPICS: 12000</subfield>
    <subfield code="9">796</subfield>
  </datafield>
  <datafield tag="245" ind1=" " ind2=" ">
    <subfield code="a">Buon Natale da Nini Rosso</subfield>
  </datafield>
  <datafield tag="250" ind1=" " ind2=" ">
    <subfield code="a">1a ed.</subfield>
  </datafield>
  <datafield tag="260" ind1=" " ind2=" ">
    <subfield code="a">MILANO</subfield>
  </datafield>
  <datafield tag="260" ind1=" " ind2=" ">
    <subfield code="b">DURIUM RECORD</subfield>
    <subfield code="c">1966 [1a Ed.:1966]</subfield>
  </datafield>
  <datafield tag="300" ind1=" " ind2=" ">
    <subfield code="a">DISCO</subfield>
  </datafield>
  <datafield tag="500" ind1=" " ind2=" ">
    <subfield code="a">Musica strumentale. Arrangiamento. Canti di Natale</subfield>
  </datafield>
  <datafield tag="505" ind1=" " ind2=" ">
    <subfield code="a">Lenta scende la neve - Petit pap&#xE0; Noel (Pap&#xE0; Natale) - E' sbocciata una rosa - Felice Natale - Adeste fideles - Jingle Bells - Dall'alto dei cieli - Figlia di Sion sii felice - Albero di Natale - Venite bambini - O tu dolcissima - Santa notte - Ave Maria - Bianco Natale - Ogni anno si rinnova - Sull'albero di Natale brillano le luci - Venite pastori - Le campane non hanno mai suonato pi&#xF9; dolcemente - Tu scendi dalle stelle - Il piccolo tamburino</subfield>
  </datafield>
  <datafield tag="511" ind1=" " ind2=" ">
    <subfield code="a">Direttore d'orchestra: Bruhn Christian</subfield>
  </datafield>
  <datafield tag="650" ind1=" " ind2=" ">
    <subfield code="a">ARRANGIAMENTO [DISCHI]</subfield>
    <subfield code="e">Codice MATERIA SPICS: 9950</subfield>
    <subfield code="9">10126</subfield>
  </datafield>
  <datafield tag="700" ind1=" " ind2=" ">
    <subfield code="a">Bruhn Christian</subfield>
    <subfield code="e">Autore</subfield>
    <subfield code="g">Codice autore SPICS: 14473</subfield>
    <subfield code="9">10127</subfield>
  </datafield>
  <datafield tag="700" ind1=" " ind2=" ">
    <subfield code="a">Rosso Nini</subfield>
    <subfield code="g">Codice interprete SPICS: 8171</subfield>
    <subfield code="e">Interprete</subfield>
    <subfield code="9">10128</subfield>
  </datafield>
  <datafield tag="700" ind1=" " ind2=" ">
    <subfield code="a">Gruber Franz</subfield>
    <subfield code="g">Codice autore musica SPICS: 10935</subfield>
    <subfield code="e">Autore musica</subfield>
    <subfield code="p">Stille Nacht (Santa notte-Heilige Nacht)</subfield>
    <subfield code="9">10129</subfield>
  </datafield>
  <datafield tag="700" ind1=" " ind2=" ">
    <subfield code="a">Bach Johann Sebastian</subfield>
    <subfield code="g">Codice autore musica SPICS: 9695</subfield>
    <subfield code="e">Autore musica</subfield>
    <subfield code="p">Ave Maria</subfield>
    <subfield code="9">10130</subfield>
  </datafield>
  <datafield tag="700" ind1=" " ind2=" ">
    <subfield code="a">Gounod Charles</subfield>
    <subfield code="g">Codice autore SPICS: 10670</subfield>
    <subfield code="e">Autore</subfield>
    <subfield code="p">Ave Maria</subfield>
    <subfield code="9">10131</subfield>
  </datafield>
  <datafield tag="700" ind1=" " ind2=" ">
    <subfield code="a">Schulz Charles M.</subfield>
    <subfield code="g">Codice autore musica SPICS: 1444</subfield>
    <subfield code="e">Autore musica</subfield>
    <subfield code="p">Venite bambini</subfield>
    <subfield code="9">10132</subfield>
  </datafield>
  <datafield tag="700" ind1=" " ind2=" ">
    <subfield code="a">Schmid Fridolin</subfield>
    <subfield code="g">Codice autore SPICS: 1475</subfield>
    <subfield code="e">Autore musica</subfield>
    <subfield code="p">Venite bambini</subfield>
    <subfield code="9">10133</subfield>
  </datafield>
  <datafield tag="700" ind1=" " ind2=" ">
    <subfield code="a">Luther M.</subfield>
    <subfield code="g">Codice autore musica SPICS: 27418</subfield>
    <subfield code="e">Autore musica</subfield>
    <subfield code="p">Dall'alto dei cieli</subfield>
    <subfield code="9">10134</subfield>
  </datafield>
  <datafield tag="700" ind1=" " ind2=" ">
    <subfield code="a">Ebel Marianne</subfield>
    <subfield code="g">Codice autore musica SPICS: 12095</subfield>
    <subfield code="e">Autore musica</subfield>
    <subfield code="p">Lenta scende la neve</subfield>
    <subfield code="9">10135</subfield>
  </datafield>
  <datafield tag="700" ind1=" " ind2=" ">
    <subfield code="a">Berlin</subfield>
    <subfield code="g">Codice autore musica SPICS: 20144</subfield>
    <subfield code="e">Autore musica</subfield>
    <subfield code="p">Bianco Natale</subfield>
    <subfield code="9">10136</subfield>
  </datafield>
  <datafield tag="700" ind1=" " ind2=" ">
    <subfield code="a">Silcher F.</subfield>
    <subfield code="g">Codice autore musica SPICS: 14461</subfield>
    <subfield code="e">Autore musica</subfield>
    <subfield code="p">Ogni anno si rinnova</subfield>
    <subfield code="9">10137</subfield>
  </datafield>
  <datafield tag="700" ind1=" " ind2=" ">
    <subfield code="a">Hey W.</subfield>
    <subfield code="g">Codice autore SPICS: 27419</subfield>
    <subfield code="e">Autore</subfield>
    <subfield code="p">Ogni anno si rinnova</subfield>
    <subfield code="9">10138</subfield>
  </datafield>
  <datafield tag="700" ind1=" " ind2=" ">
    <subfield code="a">Simeone M.</subfield>
    <subfield code="g">Codice autore musica SPICS: 15527</subfield>
    <subfield code="e">Autore musica</subfield>
    <subfield code="p">Il piccolo tamburino</subfield>
    <subfield code="9">10139</subfield>
  </datafield>
  <datafield tag="700" ind1=" " ind2=" ">
    <subfield code="a">Onorati H.</subfield>
    <subfield code="g">Codice autore SPICS: 15528</subfield>
    <subfield code="e">Autore</subfield>
    <subfield code="p">Il piccolo tamburino</subfield>
    <subfield code="9">10140</subfield>
  </datafield>
  <datafield tag="700" ind1=" " ind2=" ">
    <subfield code="a">Davis</subfield>
    <subfield code="g">Codice autore testo/musica SPICS: 20478</subfield>
    <subfield code="e">Autore testo/musica</subfield>
    <subfield code="p">Il piccolo tamburino</subfield>
    <subfield code="9">10141</subfield>
  </datafield>
  <datafield tag="700" ind1=" " ind2=" ">
    <subfield code="a">Martinet Hanne</subfield>
    <subfield code="g">Codice autore musica SPICS: 19716</subfield>
    <subfield code="e">Autore musica</subfield>
    <subfield code="p">Petit papa Noel (Pap&#xE0; Natale)</subfield>
    <subfield code="9">10142</subfield>
  </datafield>
  <datafield tag="700" ind1=" " ind2=" ">
    <subfield code="a">Vinci R.</subfield>
    <subfield code="g">Codice autore SPICS: 27420</subfield>
    <subfield code="e">Autore</subfield>
    <subfield code="p">Petit papa Noel (Pap&#xE0; Natale)</subfield>
    <subfield code="9">10143</subfield>
  </datafield>
  <datafield tag="942" ind1=" " ind2=" ">
    <subfield code="c">MD</subfield>
    <subfield code="2">ddc</subfield>
  </datafield>
  <datafield tag="952" ind1=" " ind2=" ">
    <subfield code="0">0</subfield>
    <subfield code="1">0</subfield>
    <subfield code="4">0</subfield>
    <subfield code="6">24312_000000000000000</subfield>
    <subfield code="7">1</subfield>
    <subfield code="a">SPICS</subfield>
    <subfield code="b">SPICS</subfield>
    <subfield code="d">2013-10-25</subfield>
    <subfield code="l">0</subfield>
    <subfield code="o">24312</subfield>
    <subfield code="r">2013-10-25 00:00:00</subfield>
    <subfield code="w">2013-10-25</subfield>
    <subfield code="y">MD</subfield>
    <subfield code="z">Progr. Ins.: 5157 / N.Vol.: 1 / Copie: 1 - Copia rara: n.d. / date import: 01.01.2014 - By Epidotti, Trombetti, Vaglietti</subfield>
  </datafield>
</record>
